000 00241 a2200109 4500
001 73180
082 _a923.1 ELL
090 _c38871
_d38871
100 _aElliot,H.M
245 _aMemoirs of Jahangir
_cElliot
260 _bIslamic Publication
942 _acaenust
_k923.1 ELL
999 _c308253
_d308253